Local government election results in Kerala: Towards a Tripolar polity (Record no. 533166)
[ view plain ]
| 000 -LEADER | |
|---|---|
| fixed length control field | 01016nam a22001337a 4500 |
| 008 - FIXED-LENGTH DATA ELEMENTS--GENERAL INFORMATION | |
| fixed length control field | 260427b ||||| |||| 00| 0 eng d |
| 100 ## - MAIN ENTRY--PERSONAL NAME | |
| Personal name | Chathukulam, Jos and Joseph, Manasi |
| 245 ## - TITLE STATEMENT | |
| Title | Local government election results in Kerala: Towards a Tripolar polity |
| 260 ## - PUBLICATION, DISTRIBUTION, ETC. (IMPRINT) | |
| Place of publication, distribution, etc | Economic & Political Weekly |
| 300 ## - PHYSICAL DESCRIPTION | |
| Extent | 61(9), Feb 28, 2026: p.16-19 |
| 520 ## - SUMMARY, ETC. | |
| Summary, etc | The 2025 local government elections in Kerala signal a major political realignment, weakening the CPI(M)-led Left Democratic Front’s long-standing dominance and paving the way for a tripolar polity. The LDF’s defeat reflects centralised governance, erosion of participatory democracy, corruption allegations, and loss of secular credibility. The verdict highlights growing grassroots demands for accountability, responsive governance, and renewed democratic decentralisation.-Reproduced https://www.epw.in/journal/2026/9/commentary/local-government-election-results-kerala.html |
| 773 ## - HOST ITEM ENTRY | |
| Main entry heading | Economic & Political Weekly |
| 942 ## - ADDED ENTRY ELEMENTS (KOHA) | |
| Item type | Articles |
| Withdrawn status | Lost status | Source of classification or shelving scheme | Damaged status | Not for loan | Permanent location | Current location | Date acquired | Serial Enumeration / chronology | Barcode | Date last seen | Koha item type |
|---|---|---|---|---|---|---|---|---|---|---|---|
| Indian Institute of Public Administration | Indian Institute of Public Administration | 2026-04-27 | 61(9), Feb 28, 2026: p.16-19 | AR138676 | 2026-04-27 | Articles |
